MUHAMMAD BIN QASIM SAY MUHAMMAD ALI JINNAH TAK (Record no. 581453)
[ view plain ]
| 000 -LEADER | |
|---|---|
| fixed length control field | 00267nam a22001097a 4500 |
| 082 ## - DEWEY DECIMAL CLASSIFICATION NUMBER | |
| Classification number | 954.91 SHA'M |
| 100 ## - MAIN ENTRY--PERSONAL NAME | |
| Personal name | SHAFIQ, BARAILVI |
| 9 (RLIN) | 76050 |
| 245 ## - TITLE STATEMENT | |
| Title | MUHAMMAD BIN QASIM SAY MUHAMMAD ALI JINNAH TAK |
| 260 ## - PUBLICATION, DISTRIBUTION, ETC. | |
| Place of publication, distribution, etc. | KARACHI |
| Name of publisher, distributor, etc. | NAFEES |
| Date of publication, distribution, etc. | 1980 |
| 300 ## - PHYSICAL DESCRIPTION | |
| Extent | 168P |
| 942 ## - ADDED ENTRY ELEMENTS (KOHA) | |
| Koha item type | Book |
| Withdrawn status | Lost status | Damaged status | Not for loan | Permanent Location | Current Location | Shelving location | Date acquired | Total Checkouts | Full call number | Barcode | Date last seen | Price effective from | Koha item type |
|---|---|---|---|---|---|---|---|---|---|---|---|---|---|
| College of Electrical & Mechanical Engineering (CEME) | College of Electrical & Mechanical Engineering (CEME) | General Stacks | 05/25/2017 | 954.91 SHA'M | CEME-11061 | 06/28/2021 | 06/28/2021 | Book |
